[Event "MCR senioru 2019 nad 60 let"]
[Site "Pelclovo divadlo, Rychnov n. K"]
[Date "2019.08.15"]
[Round "6"]
[White "Horak, Vladimir"]
[Black "Papay, Jindrich"]
[Result "1-0"]
[WhiteElo "1954"]
[BlackElo "1943"]
[PlyCount "113"]
[EventDate "2019.08.10"]

1. Nf3 f5 2. d3 Nf6 3. e4 d6 4. Nc3 c6 5. g3 e5 6. Bg2 Be7 7. O-O fxe4 8. dxe4
O-O 9. Bg5 h6 10. Bxf6 Rxf6 11. Qe2 Qf8 12. Nd2 Be6 13. Rad1 b5 14. a3 Nd7 15.
Bf3 Qf7 16. Bh5 g6 17. Bg4 Nc5 18. Bxe6 Nxe6 19. h4 Nd4 20. Qd3 Nf3+ 21. Nxf3
Rxf3 22. Qe2 Rf8 23. Rd3 Rf6 24. f3 Bd8 25. Kg2 Kg7 26. Qd1 Bc7 27. Nb1 g5 28.
hxg5 hxg5 29. g4 Rh8 30. Rh1 Rxh1 31. Qxh1 Rh6 32. Qc1 Kf6 33. Rd1 Qc4 34. Nc3
Qc5 35. Rh1 Rxh1 36. Qxh1 Bb6 37. Qh6+ Kf7 38. Qh7+ Ke8 39. Qh1 Qf2+ 40. Kh3
Qxc2 41. Qg2 Qd3 42. Qe2 Qd4 43. Qd1 Qc5 44. Qd2 Bd8 45. Kg2 Kf7 46. Qf2 Bb6
47. Qxc5 Bxc5 48. Kf1 Bd4 49. Nd1 Ke7 50. Ke2 Kd7 51. Kd3 Kc7 52. Kc2 Kb6 53.
b3 a5 54. Kd3 Bc5 55. a4 bxa4 56. bxa4 Bd4 57. f4 1-0

[Event "MCR senioru 2019 nad 60 let"]
[Site "Pelclovo divadlo, Rychnov n. K"]
[Date "2019.08.15"]
[Round "6"]
[White "Juricek, Stanislav"]
[Black "Urban, Zdenek"]
[Result "0-1"]
[WhiteElo "2048"]
[BlackElo "2115"]
[PlyCount "100"]
[EventDate "2019.08.10"]

1. e4 d6 2. d4 Nf6 3. Nc3 e5 4. Nf3 Nbd7 5. Be2 Be7 6. O-O O-O 7. Re1 c6 8. a4
a5 9. Bg5 Re8 10. Bf1 Qc7 11. Bh4 Nf8 12. h3 Ng6 13. Bxf6 Bxf6 14. d5 Nf4 15.
Bc4 Rb8 16. Kh2 Bd7 17. Bb3 Be7 18. Qd2 Qc8 19. Ng1 Rf8 20. f3 Bg5 21. Qf2 Qd8
22. Rad1 Nh5 23. Nge2 Qe7 24. Rd3 c5 25. g4 Bh4 26. Qf1 Bxe1 27. Qxe1 Nf4 28.
Nxf4 exf4 29. Bc4 f5 30. Rd1 fxg4 31. hxg4 Qe5 32. Qf2 h5 33. gxh5 Qxh5+ 34.
Kg1 Bh3 35. Bf1 Rf6 36. Bxh3 Qxh3 37. Qg2 Qh4 38. Kf1 Kf7 39. e5 dxe5 40. Ne4
Rg6 41. Qd2 Qh3+ 42. Ke2 Rg2+ 43. Nf2 Rxf2+ 44. Kxf2 Qg3+ 45. Ke2 Rh8 46. Kd3
Rh2 47. Qe1 Qxf3+ 48. Kc4 Rxc2+ 49. Kb5 Qb3+ 50. Kxa5 Rxb2 0-1

[Event "MCR senioru 2019 nad 60 let"]
[Site "Pelclovo divadlo, Rychnov n. K"]
[Date "2019.08.15"]
[Round "6"]
[White "Novotny, Josef"]
[Black "Marek, Jiri"]
[Result "0-1"]
[WhiteElo "1967"]
[BlackElo "1920"]
[PlyCount "78"]
[EventDate "2019.08.10"]

1. e3 d5 2. d3 c5 3. g3 Nf6 4. Bg2 Nc6 5. Ne2 g6 6. c3 Bg7 7. Na3 O-O 8. O-O a6
9. h3 e5 10. f4 Qc7 11. e4 dxe4 12. dxe4 Rd8 13. Qe1 Be6 14. Qf2 b6 15. fxe5
Nxe5 16. Bg5 Nd3 17. Qe3 Qe5 18. Bf4 Nxf4 19. gxf4 Qc7 20. e5 Nd5 21. Qf2 Ra7
22. Rad1 Ne7 23. c4 f6 24. Nc3 fxe5 25. Qe2 Rf8 26. Nd5 Bxd5 27. cxd5 Nf5 28.
d6 Nxd6 29. fxe5 Nf5 30. Rfe1 b5 31. Rd5 Qb6 32. Nc2 Re7 33. Ne3 c4 34. Be4
Bxe5 35. Bxf5 Rxf5 36. Kh1 Bf4 37. Rxf5 Qc6+ 38. Rd5 Rxe3 39. Qxe3 Bxe3 0-1

[Event "MCR senioru 2019 nad 60 let"]
[Site "Pelclovo divadlo, Rychnov n. K"]
[Date "2019.08.15"]
[Round "6"]
[White "Humlicek, Vojtech"]
[Black "Kylar, Miroslav"]
[Result "1-0"]
[WhiteElo "1890"]
[BlackElo "1935"]
[PlyCount "123"]
[EventDate "2019.08.10"]

1. e4 c6 2. d4 d5 3. e5 c5 4. dxc5 Nc6 5. Nf3 e6 6. Be3 Qc7 7. Bb5 Bd7 8. c4
dxc4 9. Na3 a6 10. Bxc6 Bxc6 11. Nxc4 Bxf3 12. Qxf3 Bxc5 13. Bxc5 Qxc5 14. Qxb7
Qa7 15. Nd6+ Kf8 16. Qxa7 Rxa7 17. O-O Ne7 18. Rac1 g5 19. Nc8 Rb7 20. Nxe7
Kxe7 21. b3 Rd8 22. Rc2 Rb5 23. Re1 Rxe5 24. Rec1 Red5 25. Kf1 h5 26. Rc6 R8d6
27. R1c2 e5 28. Ke2 Ke6 29. b4 Rd4 30. Rxd6+ Kxd6 31. a3 Kd5 32. Rc7 Re4+ 33.
Kd3 Rf4 34. Rc5+ Kd6 35. Ke3 Rf6 36. Ra5 Kc7 37. Rxe5 Rc6 38. Rc5 Kb6 39. Rxc6+
Kxc6 40. Kd4 Kb5 41. Kc3 Ka4 42. Kb2 f5 43. Ka2 h4 44. g3 hxg3 45. hxg3 f4 46.
g4 f3 47. Kb2 a5 48. bxa5 Kxa5 49. Kb3 Kb5 50. a4+ Ka5 51. Ka3 Kb6 52. Kb4 Ka6
53. a5 Kb7 54. Kb5 Ka7 55. a6 Ka8 56. Kc5 Ka7 57. Kd5 Kxa6 58. Ke5 Kb5 59. Kf5
Kc4 60. Kxg5 Kd3 61. Kf4 Ke2 62. Kg3 1-0

[Event "MCR senioru 2019 nad 60 let"]
[Site "Pelclovo divadlo, Rychnov n. K"]
[Date "2019.08.15"]
[Round "6"]
[White "Banoci, Jaroslav"]
[Black "Novotny, Jaroslav"]
[Result "0-1"]
[WhiteElo "1790"]
[BlackElo "1965"]
[PlyCount "77"]
[EventDate "2019.08.10"]

1. d4 d5 2. Nf3 Nf6 3. Bf4 e6 4. e3 Be7 5. h3 Nbd7 6. Bd3 c5 7. c3 c4 8. Bc2 b5
9. Nbd2 Bb7 10. Qe2 O-O 11. Ne5 Nxe5 12. Bxe5 Nd7 13. Bf4 a5 14. h4 Re8 15. f3
f6 16. Rd1 e5 17. dxe5 fxe5 18. Bg5 h6 19. Bxe7 Rxe7 20. Qf2 d4 21. Be4 Nc5 22.
O-O Nxe4 23. fxe4 d3 24. Qg3 Qc7 25. Rf5 Rf7 26. Rdf1 Raf8 27. Rxf7 Rxf7 28.
Rf5 Re7 29. Qf3 Qd8 30. Qg3 Qe8 31. Rf3 Qh5 32. Qf2 Qe8 33. Kf1 a4 34. a3 Bc8
35. Ke1 Bg4 36. Rg3 h5 37. Nf3 Rf7 38. Qg1 Qe7 39. Qh1 0-1

[Event "MCR senioru 2019 nad 60 let"]
[Site "Pelclovo divadlo, Rychnov n. K"]
[Date "2019.08.15"]
[Round "6"]
[White "Lepik, Jaroslav"]
[Black "Vagner, Ladislav"]
[Result "1-0"]
[WhiteElo "1794"]
[BlackElo "1951"]
[PlyCount "69"]
[EventDate "2019.08.10"]

1. c4 e5 2. Nc3 c6 3. Nf3 d6 4. d4 Qc7 5. e4 Nf6 6. h3 Nbd7 7. Be3 Be7 8. Be2
O-O 9. O-O Re8 10. Qc2 Nf8 11. a3 Ng6 12. Rfd1 a6 13. b4 exd4 14. Nxd4 Bf8 15.
f4 Qb8 16. Nf3 b5 17. Nd4 c5 18. Nc6 Qb7 19. cxb5 axb5 20. Na5 Qb6 21. Bxb5 Rd8
22. Nc4 Qc7 23. bxc5 d5 24. exd5 Bxc5 25. Bxc5 Qxc5+ 26. Qf2 Qc7 27. d6 Qb7 28.
f5 Nf8 29. Ne5 Bd7 30. Bc4 Qc8 31. Bxf7+ Kh8 32. Nd5 Nxd5 33. Bxd5 Be8 34. Bxa8
Qxa8 35. f6 1-0

[Event "MCR senioru 2019 nad 60 let"]
[Site "Pelclovo divadlo, Rychnov n. K"]
[Date "2019.08.15"]
[Round "6"]
[White "Marinov, Peter"]
[Black "Kubala, Karel"]
[Result "1-0"]
[WhiteElo "1815"]
[BlackElo "1934"]
[PlyCount "67"]
[EventDate "2019.08.10"]

1. d4 Nf6 2. e3 d5 3. Bd3 g6 4. c3 Bg7 5. Nd2 O-O 6. f4 c5 7. Ngf3 Nc6 8. O-O
cxd4 9. exd4 Bg4 10. h3 Bf5 11. Bxf5 gxf5 12. Ne5 Qc7 13. Rf3 Ne4 14. Nxe4 dxe4
15. Rg3 Rad8 16. Qh5 f6 17. Nxc6 Qxc6 18. Qxf5 e6 19. Qg4 Rf7 20. f5 Kh8 21.
fxe6 Re7 22. Be3 Qxe6 23. Qxe6 Rxe6 24. Rf1 Rb6 25. Rf2 Ra6 26. a3 Ra5 27. Rf4
Re8 28. Rfg4 Re7 29. Bh6 Rg5 30. Bxg5 h5 31. Rh4 fxg5 32. Rxh5+ Kg8 33. Rhxg5
Kf8 34. Rxg7 1-0

[Event "MCR senioru 2019 nad 60 let"]
[Site "Pelclovo divadlo, Rychnov n. K"]
[Date "2019.08.15"]
[Round "6"]
[White "Zitek, Jiri"]
[Black "Sobotnik, Petr"]
[Result "0-1"]
[WhiteElo "1609"]
[BlackElo "1888"]
[PlyCount "98"]
[EventDate "2019.08.10"]

1. Nf3 d5 2. e3 g6 3. c4 e6 4. Nc3 Bg7 5. b3 c5 6. Bb2 Nc6 7. Na4 Bxb2 8. Nxb2
d4 9. Nd3 Qd6 10. exd4 Nxd4 11. Rc1 Ne7 12. Nxd4 Qxd4 13. b4 cxb4 14. Nxb4 O-O
15. Nc2 Qe5+ 16. Qe2 Qb2 17. Qd1 Qxa2 18. h4 h6 19. Rh3 Qa5 20. Ra1 Qe5+ 21.
Re3 Qd6 22. g4 Nc6 23. Rd3 Qc5 24. g5 hxg5 25. hxg5 Kg7 26. Rh3 Bd7 27. d4 Qxg5
28. Raa3 Rh8 29. Rhg3 Qe7 30. d5 exd5+ 31. Rae3 Qc5 32. cxd5 Qa5+ 33. Ke2 Rad8
34. Ra3 Rde8+ 35. Ne3 Qxa3 36. dxc6 Bxc6 37. Qd4+ f6 38. Bg2 Qa2+ 39. Kf1 Bxg2+
40. Kxg2 Qe6 41. Rg4 Qc6+ 42. Kg3 Qc7+ 43. f4 Rxe3+ 44. Qxe3 Rc8 45. Kh2 Qd7
46. Qg1 Rh8+ 47. Kg3 Qd3+ 48. Kg2 Qh3+ 49. Kf2 Qh2+ 0-1

[Event "MCR senioru 2019 nad 70 a 80 let"]
[Site "Pelclovo divadlo, Rychnov n. K"]
[Date "2019.08.15"]
[Round "6"]
[White "Vlacil, Vladimir"]
[Black "Trojan, Lubos"]
[Result "1-0"]
[WhiteElo "1930"]
[BlackElo "1955"]
[PlyCount "59"]
[EventDate "2019.08.10"]

1. d4 d5 2. c4 c6 3. Nc3 Nf6 4. Nf3 Bf5 5. e3 e6 6. Be2 Nbd7 7. O-O Be7 8. Nh4
Bg6 9. Nxg6 hxg6 10. cxd5 exd5 11. Bf3 Qc7 12. g3 O-O-O 13. Bd2 Nb6 14. b3 Kb8
15. a4 Qd7 16. Bg2 Rh5 17. Qf3 Rdh8 18. h3 Bb4 19. g4 Rh4 20. Rfd1 Qc7 21. Nb5
cxb5 22. Bxb4 bxa4 23. Rdc1 Qd7 24. bxa4 Ka8 25. a5 Nc4 26. Rxc4 dxc4 27. a6
Ne8 28. axb7+ Kb8 29. Bc5 Kc7 30. Rxa7 1-0

[Event "MCR senioru 2019 nad 70 a 80 let"]
[Site "Pelclovo divadlo, Rychnov n. K"]
[Date "2019.08.15"]
[Round "6"]
[White "Jacek, Miloslav"]
[Black "Most, Zdenek"]
[Result "1-0"]
[WhiteElo "1941"]
[BlackElo "2008"]
[PlyCount "47"]
[EventDate "2019.08.10"]

1. e4 c5 2. Nf3 d6 3. c3 Nf6 4. Be2 g6 5. O-O Nc6 6. d4 Bg7 7. d5 Ne5 8. Nxe5
dxe5 9. Re1 O-O 10. Bf1 e6 11. c4 a6 12. a4 Ne8 13. Be3 Qc7 14. Nc3 Nd6 15. f3
f5 16. Qd2 Kh8 17. Rad1 Nf7 18. d6 Qb6 19. d7 Bxd7 20. Qxd7 Rad8 21. Qe7 Rde8
22. Qxc5 Qxb2 23. Nb1 fxe4 24. fxe4 1-0

[Event "MCR senioru 2019 nad 70 a 80 let"]
[Site "Pelclovo divadlo, Rychnov n. K"]
[Date "2019.08.15"]
[Round "6"]
[White "Slizek, Josef"]
[Black "Pultr, Evzen"]
[Result "1-0"]
[WhiteElo "1935"]
[BlackElo "1740"]
[Annotator "Kata"]
[PlyCount "74"]
[EventDate "2019.08.10"]

1. e4 c5 2. Nf3 Nc6 3. g3 g6 4. Bg2 Bg7 5. O-O d6 6. d3 Nf6 7. Re1 O-O 8. Nbd2
e5 9. Nc4 Bg4 10. h3 Bxf3 11. Bxf3 b5 12. Ne3 Rc8 13. Bg2 Re8 14. c3 a5 15. b3
Qc7 16. Bd2 b4 17. Nc4 Rcd8 18. Ne3 Bh6 19. c4 Nd4 20. Rf1 Ne6 21. Nd5 Nxd5 22.
exd5 Bxd2 23. dxe6 Bc3 24. exf7+ Kxf7 25. Rc1 Bd4 26. Qd2 Kg7 27. Kh2 Rf8 28.
Rc2 Rf6 29. Be4 Rdf8 30. f3 Qd7 31. a3 Bc3 32. Rxc3 bxc3 33. Qxc3 Qc7 34. b4
axb4 35. axb4 cxb4 36. Qxb4 Rb8 37. Qc3 Qc5 {mobil} 1-0

[Event "MCR senioru 2019 nad 70 a 80 let"]
[Site "Pelclovo divadlo, Rychnov n. K."]
[Date "2019.08.15"]
[Round "6"]
[White "Kotva, Milan"]
[Black "Volf, Jaroslav"]
[Result "1-0"]
[WhiteElo "1862"]
[BlackElo "1977"]
[EventDate "2019.08.10"]
[PlyCount "101"]

1. e4 c5 2. Nf3 Nf6 3. e5 Nd5 4. Nc3 e6 5. Nxd5 exd5 6. d4 d6 7. Bb5+ Bd7 8.
Bxd7+ Qxd7 9. O-O Nc6 10. exd6 Bxd6 11. Re1+ Kf8 12. c3 f6 13. dxc5 Bxc5 14.
Bf4 Rd8 15. Qd3 g6 16. b4 Bb6 17. Rad1 Kf7 18. b5 Ne7 19. Be3 Bxe3 20. Rxe3 Nf5
21. Re5 Ne7 22. Re2 Rhe8 23. Nd4 Nc8 24. Rxe8 Rxe8 25. Nf3 Nb6 26. c4 Rd8 27.
c5 Nc4 28. Qb3 Qc7 29. Nd4 Re8 30. c6 bxc6 31. Nxc6 Nb6 32. Qh3 h5 33. g4 Qd7
34. Rd4 a6 35. a4 axb5 36. axb5 Kg7 37. Qg3 hxg4 38. Rxg4 Qf5 39. Nd4 Qb1+ 40.
Kg2 Nd7 41. Qc7 Re7 42. Qd6 Rf7 43. Qxd5 f5 44. Rh4 Nf8 45. Qe5+ Rf6 46. Qe7+
Rf7 47. Qg5 Qa2 48. Qh6+ Kf6 49. Qh8+ Ke7 50. Nc6+ Kd6 51. Qe5+ 1-0

[Event "MCR senioru 2019 nad 70 a 80 let"]
[Site "Pelclovo divadlo, Rychnov n. K"]
[Date "2019.08.15"]
[Round "6"]
[White "Pilar, Miloslav"]
[Black "Fiser, Jiri"]
[Result "1/2-1/2"]
[WhiteElo "2078"]
[BlackElo "1918"]
[PlyCount "57"]
[EventDate "2019.08.10"]

1. Nf3 g6 2. d4 f5 3. g3 Nf6 4. Bg2 Bg7 5. O-O O-O 6. c4 d6 7. Nc3 Nc6 8. d5
Na5 9. Nd2 c5 10. Rb1 e5 11. b3 a6 12. e4 f4 13. a3 b6 14. b4 Nb7 15. b5 a5 16.
Nf3 Nh5 17. Na4 Rb8 18. Ne1 Bh6 19. g4 Nf6 20. f3 g5 21. h3 Qc7 22. Kf2 Nd8 23.
Ke2 Nf7 24. Kd3 Nh8 25. Rh1 Ng6 26. Bf1 Kf7 27. Rb2 Rh8 28. Rbh2 Bd7 29. Ng2
1/2-1/2

[Event "MCR senioru 2019 nad 70 a 80 let"]
[Site "Pelclovo divadlo, Rychnov n. K."]
[Date "2019.08.15"]
[Round "6"]
[White "Just, Pavel"]
[Black "Sedlacek, Jan"]
[Result "1-0"]
[WhiteElo "1981"]
[BlackElo "1827"]
[EventDate "2019.08.10"]
[PlyCount "95"]

1. e4 e5 2. Nf3 Nc6 3. Bb5 a6 4. Bxc6 dxc6 5. O-O f6 6. d4 Bg4 7. c3 Bd6 8. Be3
Qd7 9. Nbd2 Ne7 10. dxe5 fxe5 11. h3 Bxf3 12. Qxf3 O-O-O 13. Qg4 Ng6 14. Qxd7+
Rxd7 15. Nc4 h6 16. Rfd1 Rhd8 17. Kf1 Be7 18. Rxd7 Rxd7 19. Ke2 c5 20. g3 Bd6
21. b3 b6 22. Rf1 Rf7 23. Nb2 Kd7 24. Nd3 Re7 25. Ne1 Kc6 26. Ng2 Re8 27. Kd3
Rd8 28. Ke2 Re8 29. Bc1 Be7 30. f4 exf4 31. gxf4 Bf8 32. Kd3 Rd8+ 33. Ke3 Re8
34. Rd1 Re7 35. c4 Rd7 36. Rd5 Rxd5 37. cxd5+ Kd6 38. Bb2 c6 39. dxc6 Kxc6 40.
f5 Nh8 41. Nf4 Kd6 42. Ne6 Ke7 43. Nxg7 Bxg7 44. Bxg7 Nf7 45. e5 Ke8 46. Kf4
Ng5 47. h4 Nh3+ 48. Kg3 1-0

[Event "MCR senioru 2019 nad 70 a 80 let"]
[Site "Pelclovo divadlo, Rychnov n. K."]
[Date "2019.08.15"]
[Round "6"]
[White "Dolezal, Radoslav"]
[Black "Kohout, Jan"]
[Result "1-0"]
[WhiteElo "1954"]
[BlackElo "1880"]
[EventDate "2019.08.10"]
[PlyCount "31"]

1. e4 c5 2. c3 d5 3. exd5 Qxd5 4. Nf3 Nc6 5. d4 cxd4 6. cxd4 e6 7. Nc3 Bb4 8.
Be2 Nf6 9. O-O Bxc3 10. bxc3 O-O 11. Qd3 h6 12. Bf4 Bd7 13. Ne5 Nxe5 14. Bxe5
Bc6 15. Bf3 Ne4 16. c4 1-0

[Event "MCR senioru 2019 nad 70 a 80 let"]
[Site "Pelclovo divadlo, Rychnov n. K"]
[Date "2019.08.15"]
[Round "6"]
[White "Lexa, Vaclav"]
[Black "Jablecnik, Gustav"]
[Result "1/2-1/2"]
[WhiteElo "1773"]
[BlackElo "2006"]
[PlyCount "43"]
[EventDate "2019.08.10"]

1. d4 d6 2. c4 e5 3. Nc3 c6 4. Nf3 Qc7 5. dxe5 dxe5 6. e3 Nf6 7. Bd3 Bb4 8. Qc2
Bg4 9. Nd2 Nbd7 10. a3 Be7 11. Nde4 Bh5 12. O-O Bg6 13. b4 O-O 14. Bb2 Nxe4 15.
Nxe4 f5 16. Nd2 e4 17. Be2 Bd6 18. h3 Be5 19. c5 Bf7 20. Nc4 Bxb2 21. Qxb2 Ne5
22. Qc3 1/2-1/2

[Event "MCR senioru 2019 nad 70 a 80 let"]
[Site "Pelclovo divadlo, Rychnov n. K."]
[Date "2019.08.15"]
[Round "6"]
[White "Rucka, Alois"]
[Black "Haderka, Karel"]
[Result "1/2-1/2"]
[WhiteElo "1941"]
[BlackElo "1817"]
[EventDate "2019.08.10"]
[PlyCount "50"]

1. d4 d5 2. Nf3 Nf6 3. Bf4 c6 4. e3 Bf5 5. h3 e6 6. Be2 Bd6 7. O-O Bxf4 8. exf4
Nbd7 9. Nbd2 Ne4 10. c3 Qe7 11. g4 Bg6 12. Ne5 f6 13. Nd3 O-O-O 14. Kg2 Nb6 15.
f3 Nxd2 16. Qxd2 Nc4 17. Qc1 h5 18. b3 Nd6 19. Qd2 hxg4 20. hxg4 Nf7 21. Rh1
Bxd3 22. Bxd3 g5 23. Bg6 Rxh1 24. Rxh1 Nh8 25. Rh7 gxf4 {Necitelny zapis}
1/2-1/2

[Event "MCR senioru 2019 nad 70 a 80 let"]
[Site "Pelclovo divadlo, Rychnov n. K."]
[Date "2019.08.15"]
[Round "6"]
[White "Glembek, Bohumir"]
[Black "Papan, Cyril"]
[Result "1-0"]
[WhiteElo "1765"]
[BlackElo "1932"]
[EventDate "2019.08.10"]
[PlyCount "105"]

1. d4 d5 2. c4 c6 3. cxd5 cxd5 4. Nc3 Nf6 5. Nf3 Nc6 6. Bf4 a6 7. e3 e6 8. a4
Bd6 9. Bxd6 Qxd6 10. Bd3 O-O 11. O-O h6 12. Rc1 Rd8 13. b4 b5 14. Ne2 Bb7 15.
Nd2 e5 16. dxe5 Nxe5 17. Nb3 Nc4 18. Nc5 Ra7 19. Bxc4 dxc4 20. Qxd6 Rxd6 21.
Rfd1 Rxd1+ 22. Rxd1 Bc6 23. Rd6 Be8 24. Rxa6 Rxa6 25. Nxa6 Nd5 26. e4 Nb6 27.
Nc3 Nxa4 28. Nxa4 bxa4 29. Nc5 c3 30. Nd3 Bb5 31. Nc1 Kf8 32. f3 Ke7 33. Kf2
Kd6 34. Ke3 c2 35. f4 g5 36. g3 f6 37. Kd4 Bf1 38. Kc3 Bg2 39. Kxc2 Bxe4+ 40.
Kc3 gxf4 41. gxf4 Kd5 42. Ne2 Bf3 43. Kd3 Be4+ 44. Ke3 Bc2 45. Nc3+ Kc4 46. Kd2
Bg6 47. Nxa4 Kb3 48. Nc5+ Ka3 49. Kc3 Be8 50. Ne4 f5 51. Nd6 Bd7 52. Kc4 Ka4
53. Kc5 1-0

[Event "MCR senioru 2019 nad 50 let"]
[Site "Pelclovo divadlo, Rychnov n. K"]
[Date "2019.08.16"]
[Round "7"]
[White "Kolibik, Jan"]
[Black "Pelikan, Jaromir"]
[Result "1/2-1/2"]
[WhiteElo "1565"]
[BlackElo "1760"]
[PlyCount "105"]
[EventDate "2019.08.10"]

1. c4 Nf6 2. Nf3 g6 3. g3 d5 4. cxd5 Nxd5 5. Bg2 Bg7 6. O-O O-O 7. Nc3 Nxc3 8.
bxc3 c5 9. Bb2 Nc6 10. d3 Qc7 11. Qc1 e5 12. Re1 Rd8 13. Rb1 Be6 14. c4 Qe7 15.
Ba1 Rab8 16. a3 Nd4 17. Nxd4 exd4 18. Qc2 b6 19. e3 dxe3 20. Rxe3 Bxa1 21. Rxa1
Qc7 22. Rc1 Rd6 23. Rce1 Qd7 24. Bf1 Rd4 25. Re4 Rd8 26. Qc3 Kf8 27. Rxd4 Qxd4
28. Qxd4 Rxd4 29. Re4 Ke7 30. f4 Kd6 31. Kf2 Bf5 32. Re3 a6 33. Ke2 b5 34. cxb5
axb5 35. Kd2 Ra4 36. d4 Rxd4+ 37. Kc3 Rd1 38. Bxb5 h5 39. Re2 Rc1+ 40. Kd2 Rc2+
41. Kd1 Rxe2 42. Kxe2 Kd5 43. a4 c4 44. a5 Kd4 45. Bc6 Bd3+ 46. Kd2 c3+ 47. Kc1
Kc5 48. Bb7 f6 49. Bc8 g5 50. fxg5 fxg5 51. Bb7 h4 52. gxh4 gxh4 53. Bc8
1/2-1/2

[Event "MCR senioru 2019 nad 50 let"]
[Site "Pelclovo divadlo, Rychnov n. K"]
[Date "2019.08.16"]
[Round "7"]
[White "Blazek, Tomas"]
[Black "Pribyl, Rene"]
[Result "0-1"]
[WhiteElo "1910"]
[BlackElo "1991"]
[PlyCount "106"]
[EventDate "2019.08.10"]

1. e4 e5 2. Nf3 Nf6 3. Nxe5 d6 4. Nf3 Nxe4 5. Qe2 Qe7 6. d3 Nf6 7. Bg5 Nbd7 8.
Nc3 Qxe2+ 9. Bxe2 c6 10. O-O d5 11. Rfe1 Bd6 12. Bf1+ Kf8 13. d4 h6 14. Bh4 g6
15. Bd3 Kg7 16. Re2 Nf8 17. Ne5 Ne6 18. Nf3 Nf4 19. Rd2 Nxd3 20. Rxd3 Bf5 21.
Rd2 Rhe8 22. Bxf6+ Kxf6 23. Nh4 Bd7 24. Re2 Rxe2 25. Nxe2 Re8 26. Re1 Re4 27.
Nf3 Bg4 28. h3 Bxf3 29. gxf3 Re6 30. Kf1 Kg5 31. Kg2 Kh4 32. f4 Bxf4 33. Kf3
Bd6 34. c3 f5 35. Rh1 Kg5 36. Rg1+ Kf6 37. Ng3 g5 38. Rh1 Kg6 39. Rg1 h5 40.
Rh1 g4+ 41. hxg4 fxg4+ 42. Kg2 Bxg3 43. Kxg3 Re2 44. Rb1 Kg5 45. f4+ Kf5 46.
Rh1 Re3+ 47. Kg2 Kxf4 48. Rxh5 Re2+ 49. Kf1 Rxb2 50. Rh7 Ke4 51. Rg7 Kd3 52.
Rxg4 Kxc3 53. a4 Kb4 0-1

[Event "MCR senioru 2019 nad 50 let"]
[Site "Pelclovo divadlo, Rychnov n. K"]
[Date "2019.08.16"]
[Round "7"]
[White "Kalousek, Vladimir"]
[Black "Vorel, Bohuslav"]
[Result "1/2-1/2"]
[WhiteElo "1979"]
[BlackElo "1491"]
[PlyCount "59"]
[EventDate "2019.08.10"]

1. d4 Nf6 2. Nf3 d6 3. Bg5 e6 4. e3 Be7 5. Bd3 O-O 6. O-O Nbd7 7. c4 c5 8. Nc3
b6 9. Rc1 Bb7 10. Qe2 h6 11. Bh4 Nh7 12. Bxe7 Qxe7 13. e4 Ng5 14. Nxg5 Qxg5 15.
f4 Qe7 16. d5 a6 17. Rce1 Rae8 18. h3 exd5 19. exd5 Qd8 20. Qf2 Rxe1 21. Rxe1
Re8 22. Kh2 Bc8 23. Rxe8+ Qxe8 24. Qe2 Kf8 25. Qxe8+ Kxe8 26. g4 Ke7 27. Kg3
Nf8 28. b3 Bd7 29. a4 a5 30. Bc2 1/2-1/2

[Event "MCR senioru 2019 nad 50 let"]
[Site "Pelclovo divadlo, Rychnov n. K"]
[Date "2019.08.16"]
[Round "7"]
[White "Portes, Pavel"]
[Black "Vorackova, Jarmila"]
[Result "0-1"]
[WhiteElo "1612"]
[BlackElo "1832"]
[PlyCount "38"]
[EventDate "2019.08.10"]

1. e4 c6 2. d4 d5 3. exd5 cxd5 4. Bd3 Nf6 5. Nf3 Bg4 6. c3 e6 7. Bf4 Bd6 8.
Qa4+ Nc6 9. Ne5 O-O 10. Nxc6 bxc6 11. Be5 c5 12. Nd2 c4 13. Bb1 Bxe5 14. dxe5
Nd7 15. f4 Qh4+ 16. g3 Qh3 17. Qc2 Nc5 18. Nf1 Nd3+ 19. Kd2 Qg2+ 0-1

[Event "MCR senioru 2019 nad 50 let"]
[Site "Pelclovo divadlo, Rychnov n. K"]
[Date "2019.08.16"]
[Round "7"]
[White "Gabriel, Jan"]
[Black "Lorencova, Jitka"]
[Result "1-0"]
[WhiteElo "1910"]
[BlackElo "1368"]
[PlyCount "105"]
[EventDate "2019.08.10"]

1. e4 e6 2. d4 d5 3. exd5 exd5 4. Bd3 Ne7 5. Nf3 Bf5 6. Bg5 Bxd3 7. Qxd3 h6 8.
Bh4 Nbc6 9. Nbd2 Qd7 10. Nb3 b6 11. Bg3 O-O-O 12. c3 Qe6+ 13. Qe3 Nf5 14. Qxe6+
fxe6 15. O-O Nxg3 16. fxg3 Bd6 17. a4 Kd7 18. Rae1 Rde8 19. Nbd2 Rhf8 20. b4 a6
21. Nb3 Na7 22. Nc1 Kc8 23. Nd3 c6 24. Nfe5 Kc7 25. Ng6 Rf6 26. Rxf6 gxf6 27.
Rf1 f5 28. Nge5 Nc8 29. g4 Ne7 30. h4 Rg8 31. gxf5 Nxf5 32. h5 Rg7 33. Nf4 Re7
34. Nxe6+ Rxe6 35. Rxf5 c5 36. bxc5 bxc5 37. Kf2 Kb6 38. Nd7+ Kc6 39. dxc5
Bxc5+ 40. Nxc5 Kxc5 41. g4 Kc4 42. g5 hxg5 43. Rxg5 a5 44. Rg6 Re5 45. Rc6+ Kd3
46. h6 Rf5+ 47. Kg3 Re5 48. Kf4 Re4+ 49. Kg5 Re1 50. h7 Rg1+ 51. Kh6 Rh1+ 52.
Kg7 Rg1+ 53. Rg6 1-0

[Event "MCR senioru 2019 nad 50 let"]
[Site "Pelclovo divadlo, Rychnov n. K"]
[Date "2019.08.16"]
[Round "7"]
[White "Langr, Petr"]
[Black "Spinler, Bronislav"]
[Result "1-0"]
[WhiteElo "1533"]
[BlackElo "1451"]
[PlyCount "57"]
[EventDate "2019.08.10"]

1. d4 c6 2. c4 d5 3. Nc3 Nf6 4. Bf4 Nbd7 5. e3 dxc4 6. Bxc4 b5 7. Bd3 Qa5 8.
Nge2 e6 9. O-O Bb7 10. a3 Nd5 11. Nxd5 cxd5 12. Rc1 Rc8 13. Rxc8+ Bxc8 14. Qc2
Nb6 15. Rc1 Be7 16. Nc3 O-O 17. Bxh7+ Kh8 18. Bd3 b4 19. axb4 Bxb4 20. b3 Nd7
21. Na4 g6 22. h3 Ba6 23. Bxa6 Qxa6 24. Qc7 Nf6 25. Qe5 Be7 26. Bg5 Kg7 27. Rc7
Bd6 28. Qxf6+ Kg8 29. Bh6 1-0

[Event "MCR senioru 2019 nad 60 let"]
[Site "Pelclovo divadlo, Rychnov n. K"]
[Date "2019.08.16"]
[Round "7"]
[White "Urban, Zdenek"]
[Black "Mlynek, Petr"]
[Result "1/2-1/2"]
[WhiteElo "2115"]
[BlackElo "2094"]
[PlyCount "97"]
[EventDate "2019.08.10"]

1. c4 c6 2. Nc3 d5 3. cxd5 cxd5 4. d4 Nf6 5. Bf4 Nc6 6. e3 e6 7. a3 Be7 8. h3
O-O 9. Nf3 Bd7 10. Bd3 Rc8 11. O-O Nh5 12. Bh2 f5 13. Ne5 Nf6 14. Rc1 Ne4 15.
Ne2 Nxe5 16. Bxe5 Qb6 17. b4 Rxc1 18. Qxc1 Rc8 19. Qb2 Bb5 20. Nf4 Bxd3 21.
Nxd3 Qb5 22. Nc5 Kf7 23. a4 Qc6 24. b5 Qb6 25. Nxe4 dxe4 26. Rc1 Qd8 27. Rc3 a6
28. bxa6 bxa6 29. Rb3 Bd6 30. Rb7+ Rc7 31. Qb6 Bxe5 32. dxe5 Qd1+ 33. Kh2 Rxb7
34. Qxb7+ Ke8 35. Qxa6 Qd5 36. Qb5+ Qxb5 37. axb5 Kd7 38. g4 fxg4 39. hxg4 g5
40. Kg2 Kc7 41. Kf1 Kb6 42. Ke2 Kxb5 43. Kd2 Kb4 44. Kc2 Kc4 45. Kd2 Kb3 46.
Kd1 Kc3 47. Kc1 Kd3 48. Kd1 Kc3 49. Kc1 1/2-1/2

[Event "MCR senioru 2019 nad 60 let"]
[Site "Pelclovo divadlo, Rychnov n. K"]
[Date "2019.08.16"]
[Round "7"]
[White "Pospisil, Evzen"]
[Black "Horak, Vladimir"]
[Result "1-0"]
[WhiteElo "2040"]
[BlackElo "1954"]
[PlyCount "131"]
[EventDate "2019.08.10"]

1. d4 Nf6 2. Nf3 e6 3. Bf4 d5 4. e3 Bd6 5. Bg3 Bxg3 6. hxg3 Nbd7 7. Nbd2 c5 8.
c3 b6 9. Ne5 Bb7 10. f4 Qe7 11. a4 a5 12. g4 Nxe5 13. dxe5 Nd7 14. Qc2 g6 15.
g5 h6 16. gxh6 Qf8 17. h7 Qg7 18. Bb5 Rxh7 19. Rxh7 Qxh7 20. O-O-O Qh2 21. Ne4
Ke7 22. Nd6 Ba6 23. Bxd7 Kxd7 24. Nxf7 Qg3 25. Qd2 Ke7 26. Ng5 Rd8 27. Rh1 Qg4
28. Rh7+ Ke8 29. Ne4 Kf8 30. Nf6 Qe2 31. Qxe2 Bxe2 32. Nd7+ Kg8 33. Re7 Bf1 34.
g4 Bh3 35. Nf6+ Kf8 36. Rxe6 Kf7 37. Rxb6 d4 38. exd4 cxd4 39. Kd2 dxc3+ 40.
Kxc3 Rd1 41. Rb5 Rf1 42. Rxa5 Rf3+ 43. Kc2 Rxf4 44. b3 Ke6 45. g5 Kf5 46. Nh7
Rh4 47. Ra7 Kxe5 48. a5 Kd6 49. Rf7 Be6 50. Rb7 Bf5+ 51. Kc3 Kc6 52. Rb6+ Kc7
53. Nf8 Rg4 54. Nxg6 Rxg5 55. Ne5 Bc8 56. Nc4 Rxa5 57. Rh6 Rg5 58. Kb4 Bd7 59.
Rh7 Rb5+ 60. Kc3 Rg5 61. Kd4 Rg1 62. Ne5 Rd1+ 63. Kc3 Rc1+ 64. Kb4 Re1 65.
Rxd7+ Kc8 66. Rd5 1-0